How Do I Say Goodbye - Dean Lewis ( All Lyrics ) - Statistics

General Stats
  • This quiz has been taken 190 times
  • The average score is 245 of 286
Answer Stats
% Correct
go
99%
do
98%
goodbye
98%
how
98%
I
98%
say
98%
a
97%
me
97%
the
97%
you
96%
You
96%
my
95%
to
95%
To
95%
and
94%
And
94%
so
94%
So
94%
your
94%
of
93%
be
92%
damn
92%
eyes
92%
life
92%
with
92%
for
91%
gave
91%
name
91%
on
91%
some
90%
been
89%
color
89%
someone
89%
who's
89%
see
88%
face
87%
when
87%
When
87%
it
86%
look
85%
whole
85%
could
84%
It's
84%
message
84%
but
82%
But
82%
come
82%
mine
82%
morning
82%
home
81%
in
81%
phone
81%
there's
81%
There's
81%
Darling
79%
mother
79%
please
79%
much
78%
all
77%
at
77%
Early
77%
leave
77%
time
77%
always
76%
behind
76%
little
76%
saying
76%
no
73%
saw
73%
best
71%
she
71%
worst
71%
we
70%
us
69%
way
69%
make
68%
will
68%
alright
66%
if
66%
side
66%
were
65%
she's
64%
sure
64%
what
64%
into
63%
looked
63%
ever
62%
fear
62%
promise
61%
down
60%
I'm
60%
let
60%
like
59%
scared
58%
couldn't
57%
without
57%
friend
54%
You'll
53%
closest
52%
are
51%
Right
51%
or
49%
light
48%
you's
47%
wrong
46%
again
45%
Gonna
45%
gonna
45%
Just
43%
just
43%
start
43%
out
42%
hold
40%
someday
35%
steal
24%
No matching quizzes found
Score Distribution
Percent of People with Each Score
Percentile by Number Answered
Your Score History
You have not taken this quiz